V Cumbre América Latina, Caribe-UE

Guardado en:
Bibliografiske detaljer
Format: Texto
Fag:
Tags: Tilføj Tag
Ingen Tags, Vær først til at tagge denne postø!

MARC

LEADER 00000 a a2200000 04500
001 13145
003
040
245 |a V Cumbre América Latina, Caribe-UE  
650 |a REUNION  
650 |a PRESIDENTES  
650 |a ASPECTOS SOCIALES  
650 |a POBREZA  
650 |a ANALFABETISMO  
650 |a CAMBIOS CLIMATICOS  
650 |a AMERICA LATINA  
773 |g volumen 9, número 2; páginas 6  
999 |c 38266  |d 38266